Normal view
MARC view
- NETWORKS PROTOCOLS AND ARCHITECTURES NETWORKS-WIRELESS ATM
Entry Topical Term
001 - CONTROL NUMBER
- control field: 76805
003 - CONTROL NUMBER IDENTIFIER
- control field: NUST
005 - DATE AND TIME OF LATEST TRANSACTION
- control field: 20210628205722.0
008 - FIXED-LENGTH DATA ELEMENTS
- fixed length control field: 210628|| aca||aabn | a|a d
040 ## - CATALOGING SOURCE
- Original cataloging agency: NUST
- Transcribing agency: NUST
150 ## - HEADING--TOPICAL TERM
- Topical term or geographic name entry element: NETWORKS PROTOCOLS AND ARCHITECTURES NETWORKS-WIRELESS ATM
670 ## - SOURCE DATA FOUND
- Source citation: Work cat.: (NUST): Toh, C. K 58455, Wireless atm and ad-hoc networks protocols and architectures, 1997
